La isla de Arturo / (Record no. 107459)

MARC details
000 -LEADER
campo de control de longitud fija 00432nam a2200169 4500
001 - NÚMERO DE CONTROL
campo de control 107459
003 - IDENTIFICADOR DE NÚMERO DE CONTROL
campo de control ES-MaACL
005 - FECHA Y HORA DE LA ÚLTIMA TRANSACCIÓN
campo de control 20230906184427.0
007 - CAMPO FIJO DE DESCRIPCIÓN FÍSICA--INFORMACIÓN GENERAL
campo de control de longitud fija t|
008 - DATOS DE LONGITUD FIJA--INFORMACIÓN GENERAL
campo de control de longitud fija 061121s1969 sp r ||||1| spa d
100 1# - ENTRADA PRINCIPAL--NOMBRE DE PERSONA
Nombre de persona Morante, Elsa.
9 (RLIN) 83142
245 13 - MENCIÓN DEL TÍTULO
Título La isla de Arturo /
Mención de responsabilidad, etc. Elsa Morante.
250 ## - MENCION DE EDICION
Mención de edición 1.ª ed.
260 ## - PUBLICACIÓN, DISTRIBUCIÓN, ETC.
Lugar de publicación, distribución, etc. Barcelona :
Nombre del editor, distribuidor, etc. Bruguera,
Fecha de publicación, distribución, etc. 1969.
300 ## - DESCRIPCIÓN FÍSICA
Extensión 442 p. ;
Dimensiones 18.
852 ## - LOCALIZACIÓN
Ubicación ES-MaACL
Número de control de estantería C-36535
Sublocalización o colección R.70666
Holdings
Estatus retirado Estado de pérdida Estado de daño No para préstamo Biblioteca de origen Biblioteca actual Ubicación en estantería Fecha de adquisición Fuente de adquisición Total de préstamos Signatura topográfica completa Código de barras Visto por última vez Precio de reemplazo Tipo de ítem Koha
        Biblioteca del Ateneo de Madrid Biblioteca del Ateneo de Madrid Depósito 2 17/01/2008     C-36535 1112149 23/02/2023 23/02/2023 Libro impreso